000 00535nam a2200193Ia 4500
003 GCL
008 140319s9999 xx 000 0 ara d
040 _aGCL /
_cGCL
082 0 4 _a953
_bم م
100 1 _aمصطفى الشكعة
245 1 0 _aعالم الحضارة الاسلامية /
_cمصطفى الشكعة
300 _a350 ص
490 _aكتاب
_v0
650 0 4 _aالعلم
650 0 4 _aالتاريخ الاسلامى
650 0 4 _aالتعلم
650 0 4 _aالحضارة الاسلامية
942 _2ddc
_cBK
999 _c41604
_d41604